| 000 -LEADER |
| fixed length control field |
00772nam a22001457a 4500 |
| 008 - FIXED-LENGTH DATA ELEMENTS--GENERAL INFORMATION |
| fixed length control field |
231117b ||||| |||| 00| 0 eng d |
| 100 ## - MAIN ENTRY--PERSONAL NAME |
| Personal name |
Singh, Pushpa |
| 245 ## - TITLE STATEMENT |
| Title |
Food sovereignty movements and environmental justice in India: Critical insighs and assessments from Uttarakhand and Odisha |
| 260 ## - PUBLICATION, DISTRIBUTION, ETC. (IMPRINT) |
| Place of publication, distribution, etc |
Social Action |
| 300 ## - PHYSICAL DESCRIPTION |
| Extent |
73(4), Oct-Dec, 2023: p.446-458 |
| 520 ## - SUMMARY, ETC. |
| Summary, etc |
The autonomy of food and farming systems across the world has been winder significant pressure due to increasing agribusiness monopoly, corporate control and market dependencies. The ramifications are evident in the dwindling rights of forms and erosion of indigenous, local food systems. – Reproduced |
| 773 ## - HOST ITEM ENTRY |
| Main entry heading |
Social Action |
| 906 ## - LOCAL DATA ELEMENT F, LDF (RLIN) |
| Subject DIP |
FOOD SECURITY |
| 942 ## - ADDED ENTRY ELEMENTS (KOHA) |
| Item type |
Articles |